Sports Quiz

Random Sports or Football Quiz

NFL Passing TDs (2017) Quiz Stats

 Plays Quiz Updated May 2, 2018

Score 0/58 Timer 07:00
0 Plays Today
TDs Player % Correct
32Tom Brady
98.7%
34Russell Wilson
97.8%
23Drew Brees
95.3%
19Eli Manning
95.3%
33Carson Wentz
94.9%
29Matthew Stafford
94.8%
26Alex Smith
94.7%
28Philip Rivers
94.4%
22Cam Newton
93.7%
20Matt Ryan
93.6%
1Geno Smith
93.4%
16Aaron Rodgers
92.1%
22Derek Carr
91.7%
27Kirk Cousins
91.5%
25Andy Dalton
91.4%
18Joe Flacco
91.1%
22Dak Prescott
90.9%
28Ben Roethlisberger
89.4%
28Jared Goff
88.8%
21Blake Bortles
87.9%
19Jameis Winston
87.4%
19Deshaun Watson
83.3%
13Marcus Mariota
82.2%
14Tyrod Taylor
81.9%
22Case Keenum
80.7%
19Jay Cutler
79.6%
5Nick Foles
77.8%
9Carson Palmer
74.9%
18Josh McCown
66.8%
TDs Player % Correct
3Sam Bradford
63.7%
11DeShone Kizer
63.3%
13Jacoby Brissett
63%
7Mitchell Trubisky
61.7%
7Ryan Fitzpatrick
57.7%
7Jimmy Garoppolo
54.3%
9Brett Hundley
52.1%
5Brock Osweiler
52.1%
12Trevor Siemian
49.4%
2Paxton Lynch
49.2%
4Matt Moore
39.9%
4Mike Glennon
39.9%
5Tom Savage
37.9%
1Landry Jones
35%
6Drew Stanton
34.6%
4Brian Hoyer
32.4%
6Blaine Gabbert
31.8%
2Nathan Peterman
30.9%
4C.J. Beathard
25.9%
1Mohamed Sanu
22.7%
1Bryce Petty
21%
4T.J. Yates
20.9%
1EJ Manuel
18.6%
4Kevin Hogan
17.1%
2Ryan Mallett
15.6%
1Matt Cassel
15.5%
1Tarik Cohen
14.1%
1David Fales
5.4%
1Pat O'Donnell
3.8%

You're not logged in!

Compare scores with friends on all Sporcle quizzes.
OR
Log In

Sporcle TV

Today on Sporcle TV


Watch our educational content, quiz creation guides, and fun videos on Sporcle TV.

Show Comments

Extras

Top Quizzes Today


Score Distribution

Your Account Isn't Verified!

In order to create a playlist on Sporcle, you need to verify the email address you used during registration. Go to your Sporcle Settings to finish the process.

Report this User

Report this user for behavior that violates our Community Guidelines.

Details: